LEADER 00890naa a2200193 u 4500 001 000000104082 003 CaOOAMICUS 005 20070226130218.0 008 061218s1973 it u000 u ita u 035 $a11111211 040 $aIAR$bita 100 1 $aDorfles, Gillo,$d1910-$0(OLS)http://pul/name/63957 245 13$aIl simbolismo del tempo nell'arte :$bPredicibilitą e retrodicibilitą come componenti d'una simbolizzazione temporale /$cGillo Dorfles. 260 $aRoma :$bIstituto di studi filosofici,$c1973. 300 $ap. 103-118 ;$c25 cm 500 $aIAR: CR.17 773 0 $tIl Simbolismo del tempo : studi di filosofia dell'arte$w()5126 996 $6245$aIl simbolismo del tempo nell'arte :$bPredicibilitą e retrodicibilitą come componenti d'una simbolizzazione temporale$9(OLS)http://pul/title/130989 996 $6260$aRoma :$bIstituto di studi filosofici$9(OLS)http://pul/publisher/48217 LEADER 01309nam a2200313 a 4500 001 000000162375 003 CaOOAMICUS 005 20170905124330.0 008 170905s2016 it u000 u ita r 020 $a978-88-04-66892-3* 032 $aLibriCat 040 $aPUL$bita 082 04$a364 100 1 $aGratteri, Nicola.$0(OLS)http://pul/name/104141 245 10$aPadrini e padroni :$bcome la 'ndrangheta č diventata classe dirigente /$cNicola Gratteri, Antonio Nicaso. 260 $aMilano :$bMondadori,$c©2016. 300 $a207 p. ;$c21 cm. 490 1 $aStrade blu. Nonfiction 650 4$aMafia.$0(OLS)http://pul/subject/12684 700 1 $aNicaso, Antonio.$0(OLS)http://pul/name/104143 830 0$aStrade blu.$pNonfiction.$0(OLS)http://pul/title/166345 850 $aPUL 852 $aPUL$W1$xDP2 Diritto e Scienze Sociali 3$y110$m364 GRANI 1$j186364$qDDC 21$B189590$CPULBib$Z2$F189590 $H130076 $81 941 1 $a9 996 $6020$a978-88-04-66892-3*$9(OLS)http://pul/number/163082 996 $6082$a364$9(OLS)http://pul/classification/2136 996 $6245$aPadrini e padroni :$bcome la 'ndrangheta č diventata classe dirigente$9(OLS)http://pul/title/202133 996 $6260$aMilano :$bMondadori$9(OLS)http://pul/publisher/50297